000
00307nam a22001337a 4500
020
_a
978-1-59212-339-1
082
_a
823
_b
HUB/U
100
_a
HUBBARD, L. RON
245
_a
UNDER THE BLACK ENSIGN
260
_a
HOLLYWOOD
_b
GALAXY PRESS
_c
2007
300
_a
117
650
_a
NOVEL
_z
UNITED STATES
942
_c
BK
999
_c
3313
_d
3313